World Economic Outlook Seeking Sustainable Growth
Salvato in:
| Natura: | Libro |
|---|---|
| Lingua: | inglese |
| Pubblicazione: |
Washington, D.C.
International Monetary Fund
2017
|
| Serie: | World Economic and Financial Surveys
|
| Soggetti: | |
| Tags: |
Nessun Tag, puoi essere il primo ad aggiungerne!!
|
MARC
| LEADER | 00000nam a2200000 4500 | ||
|---|---|---|---|
| 001 | 0242926 | ||
| 005 | 20260105084918.7 | ||
| 020 | |a 978-1-48431-249-0 | ||
| 022 | |a 0256-6877 | ||
| 041 | 0 | |a eng | |
| 044 | |a US | ||
| 245 | 1 | 0 | |a World Economic Outlook |b Seeking Sustainable Growth |
| 264 | 1 | |a Washington, D.C. |b International Monetary Fund |c 2017 | |
| 300 | |a 284 s. | ||
| 490 | 1 | |a World Economic and Financial Surveys | |
| 830 | 0 | |a World Economic and Financial Surveys | |
| 610 | 2 | 0 | |a politika hospodárska |
| 610 | 2 | 0 | |a prognózy |
| 610 | 2 | 0 | |a riziko |
| 610 | 2 | 0 | |a sily pracovné |
| 610 | 2 | 0 | |a pohyb kapitálu |
| 610 | 2 | 0 | |a rozvoj hospodársky |
| 610 | 2 | 0 | |a trhy |
| 610 | 2 | 0 | |a rast hospodársky |
| 610 | 2 | 0 | |a spotreba |
| 610 | 2 | 0 | |a trh komoditný |
| 610 | 2 | 0 | |a mzdy |
| 610 | 2 | 0 | |a zmeny klimatické |
| 610 | 2 | 0 | |a aktivita hospodárska |
| 610 | 2 | 0 | |a politika fiškálna |
| 610 | 2 | 0 | |a reformy |